000 00468nam a2200181Ia 4500
003 GCL
008 140319s9999 xx 000 0 eng d
040 _aGCL /
_cGCL
082 0 4 _a182
_bG H
100 1 _aGUTHRIE, W.K.C.
245 1 0 _aA HISTORY OF GREEK PHILOSOPHY /
_cGUTHRIE, W.K.C.
260 _a[S.N] :
_bCAMBRIDGE UNIVERSITY PRESS ،
_c1993
300 _a539 P
650 0 4 _aPHILOSOPHY
650 0 4 _aGREEK - PHILOSOPHY
650 0 4 _aPLATO
942 _2ddc
_cBK
999 _c21424
_d21424